Normal view
MARC view
- Data protection
Entry Geographic Name
001 - CONTROL NUMBER
- control field: 95115
003 - CONTROL NUMBER IDENTIFIER
- control field: NUST
005 - DATE AND TIME OF LATEST TRANSACTION
- control field: 20220726095612.0
008 - FIXED-LENGTH DATA ELEMENTS
- fixed length control field: 220726|| aca||aabn | a|a d
040 ## - CATALOGING SOURCE
- Original cataloging agency: NUST
- Transcribing agency: NUST
151 ## - HEADING--GEOGRAPHIC NAME
- Geographic name: Data protection
670 ## - SOURCE DATA FOUND
- Source citation: Work cat.: (NUST): Pfleeger, Charles P., 95108, Security in computing /, 2009
